000
00292nam a22001337a 4500
008
170615b xxu||||| |||| 00| 0 eng d
020
_a
1568028288
041
_a
eng
080
_a
32
100
_a
20
101
_a
SHP
245
_a
JUDICIAL PROCESS IN AMERICA
_c
CARP, R.A
942
_2
udc
_c
BK
999
_c
17665
_d
17665